This changes everything (Record no. 117885)
[ view plain ]
| 000 -LEADER | |
|---|---|
| fixed length control field | 02789nam a2200397 a 4500 |
| 082 04 - DEWEY DECIMAL CLASSIFICATION NUMBER | |
| Classification number | 339.20973 |
| 245 00 - TITLE STATEMENT | |
| Title | This changes everything |
| 250 ## - EDITION STATEMENT | |
| Edition statement | 1st ed. |
| 260 ## - PUBLICATION, DISTRIBUTION, ETC. (IMPRINT) | |
| Place of publication | San Francisco : |
| Name of publisher | Berrett-Koehler Publishers, |
| Year of publication | c2011. |
| 300 ## - PHYSICAL DESCRIPTION | |
| Number of Pages | viii, 84 p. : |
| Other physical details | ill. |
| 505 0# - FORMATTED CONTENTS NOTE | |
| Formatted contents note | Introduction: how Occupy Wall Street changes everything / Sarah van Gelder -- How Occupy Wall Street really got started / Andy Kroll -- Enacting the impossible: making decisions by consensus / David Graeber -- Principles of solidarity -- The chills of popular power: the first month of Occupy Wall Street / Marina Sitrin -- Claiming space for diversity at Occupy Wall Street / Hena Ashraf -- Declaration of the occupation of New York City -- No leaders, no violence: what diversity of tactics means for Occupy Wall Street / Nathan Schneider -- The most important thing in the world / Naomi Klein -- How inequality poisons society and equity benefits everyone : an interview with Richard Wilkinson / Brooke Jarvis -- Six ways to liberate main street from Wall Street / David Korten -- A fair tax system: three places to start / Chuck Collins -- How to create living-wage jobs that are good for the planet / Sarah van Gelder and Doug Pibel -- How to put the rights of people and nature over corporate rights / Thomas Linzey and Jeff Reifman -- Going to the streets to get things done / Ralph Nader -- The occupation of hope: letter to a dead man / Rebecca Solnit -- 10 ways to support the occupy movement / Sarah van Gelder. |
| 650 #0 - SUBJECT ADDED ENTRY--TOPICAL TERM | |
| Topical Term | Occupy movement |
| Topical Term | Income distribution |
| Topical Term | Equality |
| Topical Term | Protest movements |
| Topical Term | Public opinion |
| 700 1# - ADDED ENTRY--PERSONAL NAME | |
| Personal name | Van Gelder, Sarah. |
| 856 40 - ELECTRONIC LOCATION AND ACCESS | |
| Uniform Resource Identifier | http://site.ebrary.com/lib/rucke/Doc?id=10513530 |
No items available.
